[Event "Novi Sad-Turkey GpB"]
[Site "Novi Sad"]
[Date "2018.08.14"]
[Round "10"]
[White "Celik, Eylul"]
[Black "Drazic, Miodrag"]
[Result "1-0"]
[WhiteElo "1907"]
[BlackElo "1953"]
[PlyCount "91"]
[EventDate "2018.08.07"]
[EventType "schev"]
[EventRounds "10"]
[EventCountry "SRB"]
[SourceTitle "CBM 186 Extra"]
[Source "ChessBase"]
[SourceDate "2018.08.24"]
[SourceVersion "1"]
[SourceVersionDate "2018.08.24"]
[SourceQuality "1"]

1. d4 g6 2. c4 Bg7 3. Nc3 Nf6 4. e4 d6 5. f3 c6 6. Be3 Nbd7 7. Bd3 e5 8. d5 cxd5 9. cxd5 a6 10. Nge2 b5 11. Qd2 Qa5 12. g4 b4 13. Nd1 Nc5 14. Bc2 Bd7 15. a4 Qb6 16. b3 a5 17. Ng3 Bc8 18. 0-0 h5 19. g5 Nfd7 20. Rb1 Ba6 21. Rf2 Qc7 22. Nb2 Rc8 23. Rc1 0-0 24. Bd1 h4 25. Nf1 f5 26. gxf6 Nxf6 27. Qe1 Qf7 28. Nd2 Nd3 29. Nxd3 Bxd3 30. Be2 Bc2 31. Bc4 Rxc4 32. Nxc4 Bxb3 33. Nxa5 Bxa4 34. Qxb4 Qd7 35. Nc6 Bxc6 36. dxc6 Qe6 37. c7 Rc8 38. Rfc2 d5 39. Qb3 Kh7 40. exd5 Qh3 41. Bg5 e4 42. Bxf6 Bxf6 43. d6 Bd4+ 44. Kh1 exf3 45. Qf7+ Bg7 46. Rg1 1-0

[Event "Novi Sad-Turkey GpB"]
[Site "Novi Sad"]
[Date "2018.08.11"]
[Round "6"]
[White "Ozata, Doruk"]
[Black "Drazic, Miodrag"]
[Result "1/2-1/2"]
[WhiteElo "1688"]
[BlackElo "1953"]
[PlyCount "123"]
[EventDate "2018.08.07"]
[EventType "schev"]
[EventRounds "10"]
[EventCountry "SRB"]
[SourceTitle "CBM 186 Extra"]
[Source "ChessBase"]
[SourceDate "2018.08.24"]
[SourceVersion "1"]
[SourceVersionDate "2018.08.24"]
[SourceQuality "1"]

1. e4 e5 2. Nf3 Nc6 3. Bc4 Nf6 4. d3 d5 5. Bb3 Be7 6. Nbd2 0-0 7. 0-0 dxe4 8. dxe4 Bg4 9. c3 Re8 10. Re1 Bc5 11. Qe2 Qe7 12. Nf1 Rad8 13. h3 Be6 14. Ng3 Bxb3 15. axb3 h6 16. Nh4 a6 17. Qf3 Qe6 18. b4 Bf8 19. Nhf5 Kh7 20. Be3 Rd3 21. Rad1 Red8 22. Rxd3 Rxd3 23. Qe2 Qd7 24. Qf3 g6 25. Nxh6 Bxh6 26. Qxf6 Bxe3 27. Rxe3 Rxe3 28. fxe3 Kg8 29. Qf2 Qd3 30. h4 a5 31. bxa5 Nxa5 32. Qe2 Qxe2 33. Nxe2 Nc4 34. b3 Nd2 35. b4 Nxe4 36. g3 f5 37. Kg2 Kf7 38. c4 b6 39. Nc1 Ke6 40. Nd3 Kd6 41. Kh3 Nf6 42. Nf2 c6 43. g4 b5 44. cxb5 cxb5 45. Kg3 Nd5 46. h5 gxh5 47. gxh5 Ke6 48. e4 Nxb4 49. h6 f4+ 50. Kf3 Kf7 51. Ng4 Nc6 52. Ke2 Kg6 53. Kd3 Kh7 54. Kc3 Kg6 55. Kd3 Nd8 56. h7 Nf7 57. h8Q Nxh8 58. Nxe5+ Kg5 59. Kd4 Ng6 60. Nd3 Kg4 61. Nxf4 Kxf4 62. Kc5 1/2-1/2

[Event "Novi Sad-Turkey GpB"]
[Site "Novi Sad"]
[Date "2018.08.10"]
[Round "4"]
[White "Keskin, Elif"]
[Black "Drazic, Miodrag"]
[Result "1-0"]
[WhiteElo "1775"]
[BlackElo "1953"]
[PlyCount "64"]
[EventDate "2018.08.07"]
[EventType "schev"]
[EventRounds "10"]
[EventCountry "SRB"]
[SourceTitle "CBM 186 Extra"]
[Source "ChessBase"]
[SourceDate "2018.08.24"]
[SourceVersion "1"]
[SourceVersionDate "2018.08.24"]
[SourceQuality "1"]

1. d4 Nf6 2. Bg5 Ne4 3. Bf4 c5 4. f3 Nf6 5. dxc5 Qa5+ 6. Nc3 Qxc5 7. e4 d6 8. Qd2 a6 9. 0-0-0 Nbd7 10. g4 h6 11. h4 b5 12. Nh3 Bb7 13. Bg2 Nb6 14. Be3 Qc7 15. Bxb6 Qxb6 16. e5 Nd7 17. exd6 e6 18. Rhe1 0-0-0 19. Ne4 Kb8 20. Qf4 f6 21. Qe3 Bxe4 22. Qxe4 Nc5 23. Qg6 Bxd6 24. Qxg7 Bg3 25. Rf1 Be5 26. f4 Bxb2+ 27. Kxb2 Na4+ 28. Ka1 Rc8 29. Rd6 Qc7 30. Qxc7+ Rxc7 31. Rf2 Rhc8 32. Rxa6 Rxc2 1-0

[Event "Novi Sad Serbian op"]
[Site "Novi Sad"]
[Date "2016.11.09"]
[Round "5"]
[White "Drazic, Miodrag"]
[Black "Kellner, Nikolaus"]
[Result "0-1"]
[WhiteElo "1981"]
[BlackElo "1672"]
[PlyCount "60"]
[EventDate "2016.11.06"]
[EventType "swiss"]
[EventRounds "9"]
[EventCountry "SRB"]
[SourceTitle "CBM 175 Extra"]
[Source "ChessBase"]
[SourceDate "2016.12.12"]
[SourceVersion "1"]
[SourceVersionDate "2016.12.12"]
[SourceQuality "1"]

1. e4 e5 2. Nf3 f5 3. d3 d6 4. Nc3 Nf6 5. b3 Nc6 6. Bb2 Be7 7. Qd2 0-0 8. Be2 Qe8 9. 0-0-0 fxe4 10. dxe4 h6 11. h3 a6 12. g4 Be6 13. g5 Nxe4 14. Nxe4 d5 15. Nf6+ gxf6 16. gxh6 Kh8 17. Rdg1 Rg8 18. Qe3 Qf7 19. Kb1 Rxg1+ 20. Rxg1 Rg8 21. Bc1 Rxg1 22. Nxg1 Qg6 23. Qg3 Qxg3 24. fxg3 Bc5 25. Nf3 Bxh3 26. Nh4 Kh7 27. g4 Nd4 28. Bd1 Bf8 29. c3 Nb5 30. Kb2 Ba3+ 0-1

[Event "Novi Sad Serbian op"]
[Site "Novi Sad"]
[Date "2016.11.08"]
[Round "4"]
[White "Petrusic, Velimir"]
[Black "Drazic, Miodrag"]
[Result "1-0"]
[WhiteElo "2176"]
[BlackElo "1981"]
[PlyCount "63"]
[EventDate "2016.11.06"]
[EventType "swiss"]
[EventRounds "9"]
[EventCountry "SRB"]
[SourceTitle "CBM 175 Extra"]
[Source "ChessBase"]
[SourceDate "2016.12.12"]
[SourceVersion "1"]
[SourceVersionDate "2016.12.12"]
[SourceQuality "1"]

1. d4 Nf6 2. Bf4 c5 3. d5 d6 4. Nc3 Na6 5. e4 g6 6. h3 Nc7 7. a4 a6 8. Nf3 Rb8 9. a5 b5 10. axb6 Rxb6 11. Ra2 Bg7 12. Bc4 Bd7 13. 0-0 0-0 14. Re1 e5 15. dxe6 Bxe6 16. Qd3 Nb5 17. Bxe6 fxe6 18. Nxb5 axb5 19. e5 dxe5 20. Qxd8 Rxd8 21. Bxe5 Ne8 22. Ra7 c4 23. Re7 Kf8 24. Ra7 Kg8 25. Ng5 h6 26. Nf3 g5 27. Kf1 Rd5 28. Ra8 Kf7 29. Bxg7 Nxg7 30. Ne5+ Ke7 31. Ra7+ Kf6 32. Rf7# 1-0

[Event "Genova op 8th"]
[Site "Genova"]
[Date "2000.07.20"]
[Round "5"]
[White "Sbarra, Marco"]
[Black "Drazic, Miodrag"]
[Result "1/2-1/2"]
[WhiteElo "2285"]
[BlackElo "2146"]
[PlyCount "97"]
[EventDate "2000.07.15"]
[EventType "swiss"]
[EventRounds "8"]
[EventCountry "ITA"]
[SourceTitle "EXT 2001"]
[Source "ChessBase"]
[SourceDate "2000.11.22"]
[SourceVersion "1"]
[SourceVersionDate "2000.11.22"]
[SourceQuality "1"]

1. d4 Nf6 2. c4 d6 3. Nc3 e5 4. Nf3 Nbd7 5. e4 Be7 6. g3 0-0 7. Bg2 c6 8. 0-0 a6 9. a4 a5 10. Qc2 exd4 11. Nxd4 Nc5 12. h3 Re8 13. Be3 Bf8 14. Rae1 Nfd7 15. Rd1 Na6 16. Rfe1 Ndc5 17. f4 Nb4 18. Qb1 Qf6 19. Kh2 h6 20. Nf3 Nba6 21. Bd4 Qd8 22. f5 Bd7 23. g4 Qb6 24. Qc2 Qc7 25. Bf2 Nb4 26. Qb1 b6 27. Bg3 Rad8 28. g5 hxg5 29. Nxg5 Bc8 30. Rd2 Be7 31. h4 f6 32. Nh3 Nd7 33. Bf3 Ne5 34. Bh5 d5 35. Kh1 dxc4 36. Rg2 Rf8 37. Reg1 Bc5 38. Bxe5 fxe5 39. Rxg7+ Qxg7 40. Rxg7+ Kxg7 41. Qc1 Be7 42. Qg1+ Kh8 43. Bg6 Rg8 44. Ng5 Rdf8 45. Qg4 Rg7 46. Qh5+ Kg8 47. Nh7 Nd3 48. Nxf8 Nf4 49. Qh6 1/2-1/2